000 00934nam a2200193Ii 4500
003 JO-AjNU
008 230605s9999||||xx |||||||||||||| ||und||
040 _aJO-AjNU
_bara
_erda
_cJO-AjNU
041 _aara
050 1 4 _aPJ6066.M452 2000
100 3 _aاعداد بني عطا،جميل، م.مشارك: سليمان العباس؛ صالح أبو صيني؛عبد الله الخباص,
_eauthor
_948498
245 0 0 _aمنهاج تعليم اللغة العربية لغير الناطقين بها
264 3 1 _aالزرقاء:جامعة الزرقاء الأهلية /مركز تعليم اللغة العربيةلغير الناطقين بها ,2000
300 _a74ص
336 _atext
_btxt
_2rdacontent
337 _aunmediated
_bn
_2rdamedia
338 _avolume
_bnc
_2rdacarrier
650 4 _aاللغة العربية-تعلم وتعليم-تعليم اللغة العربية لغير الناطقين بها
_948499
999 _aA21243
_c24811
_d24811